'Mega' deals drive regional office take-up (Record no. 70921)

MARC details
000 -LEADER
fixed length control field 01203cam a2200229 4500
001 - CONTROL NUMBER
control field WB3829-04
008 - FIXED-LENGTH DATA ELEMENTS--GENERAL INFORMATION
fixed length control field 020808n2002 000 0 eng u
035 ## - SYSTEM CONTROL NUMBER
System control number (Sirsi) u119249
245 ## - TITLE STATEMENT
Title 'Mega' deals drive regional office take-up
260 ## - PUBLICATION, DISTRIBUTION, ETC.
Date of publication, distribution, etc. 2002
490 ## - SERIES STATEMENT
Series statement Atis Real Weatheralls News Release
Volume/sequential designation 5 August 2002 (1)
520 ## - SUMMARY, ETC.
Summary, etc. Several major deals have boosted office take-up figures across the UK's regions for the first half of 2002 - an increase of 21% on the same period last year. According to the latest "UK offices survey" by Atis Real Weatheralls take-up across the 20 key centres stood at 5.2m sq ft (483 080 sq m) in the year to July 2002, against 4.3m sq ft (399 470 sq m) during the same period last year. The number of transactions fell but the take-up figure was boosted by a series of so-called 'mega' deals. Weatheralls news release http://213.130.62.17/atis/Press.php?action=ShowArticle&ID=146
590 ## - LOCAL NOTE (RLIN)
Local note WB
650 ## - SUBJECT ADDED ENTRY--TOPICAL TERM
Topical term or geographic name entry element OFFICE TAKE-UP
650 ## - SUBJECT ADDED ENTRY--TOPICAL TERM
Topical term or geographic name entry element OFFICE SPACE
650 ## - SUBJECT ADDED ENTRY--TOPICAL TERM
Topical term or geographic name entry element OFFICE OCCUPIERS
650 ## - SUBJECT ADDED ENTRY--TOPICAL TERM
Topical term or geographic name entry element DEALS
650 ## - SUBJECT ADDED ENTRY--TOPICAL TERM
Topical term or geographic name entry element RENTS
650 ## - SUBJECT ADDED ENTRY--TOPICAL TERM
Topical term or geographic name entry element PROPERTY-COMMERCIAL PROPERTY-COMMERCIAL PROPERTY MARKET
690 ## - LOCAL SUBJECT ADDED ENTRY--TOPICAL TERM (OCLC, RLIN)
Topical term or geographic name as entry element PROPERTY-COMMERCIAL PROPERTY
942 ## - ADDED ENTRY ELEMENTS (KOHA)
Suppress in OPAC 0
Holdings
Withdrawn status Lost status Source of classification or shelving scheme Damaged status Not for loan Home library Current library Shelving location Date acquired Total Checkouts Full call number Barcode Date last seen Copy number Price effective from Koha item type
    Dewey Decimal Classification     London London News article 08/08/2002   WB3829-04 119249-1001 06/08/2019 1 06/08/2019 News article